Prebúdzanie kapitálového trhu Svižné kroky investičného bankovníctva v Poľnobanke
Riaditeľka odboru investičného bankovníctva doc. Ing. Anna Pilková, CSc. o postavení, poskytovaných službách a budúcich zámeroch investičného bankovníctva v Slovenskej poľnohospodárskej banke, a.s. Činnosti Poľnobanky na primárnom kapitálovom trhu. Význam emitovania dlhopisov. Nové služby v oblasti...
Saved in:
| Main Author: | |
|---|---|
| Other Authors: | |
| Format: | Book Chapter |
| Language: | Slovak |
| Subjects: | |
| Tags: |
No Tags, Be the first to tag this record!
|
MARC
| LEADER | 00000naa a2200000 4500 | ||
|---|---|---|---|
| 001 | r024366 | ||
| 005 | 20221220115548.7 | ||
| 041 | 0 | |a slo | |
| 044 | |a SK | ||
| 245 | 1 | 0 | |a Prebúdzanie kapitálového trhu |b Svižné kroky investičného bankovníctva v Poľnobanke |c Anna Pilková, Michal Štefánek |
| 520 | |a Riaditeľka odboru investičného bankovníctva doc. Ing. Anna Pilková, CSc. o postavení, poskytovaných službách a budúcich zámeroch investičného bankovníctva v Slovenskej poľnohospodárskej banke, a.s. Činnosti Poľnobanky na primárnom kapitálovom trhu. Význam emitovania dlhopisov. Nové služby v oblasti cenných papierov. Financovanie firiem a projektov. | ||
| 610 | 2 | 0 | |a Slovensko |
| 610 | 2 | 0 | |a trh kapitálový |
| 610 | 2 | 0 | |a bankovníctvo |
| 610 | 2 | 0 | |a Slovenská poľnohospodárska banka, a.s. Bratislava |
| 610 | 2 | 0 | |a investície |
| 610 | 2 | 0 | |a papiere cenné |
| 610 | 2 | 0 | |a služby finančné |
| 100 | 1 | |a Pilková, Anna | |
| 700 | 1 | |a Štefánek, Michal | |